Дело по предписанию господина директора с препровождением контракта, заключенного с санкт-петербургским первой гильдии купцом и ...

Доступно только в Электронных читальных залах Найти на картеНа карте
RUSMARC
00003925nmc2a22000003x 450
0011db14f2c-a6a1-4996-b94a-289c75fc566d
00520181224234609.0
100##$a20170626l18451845k l0rusy0189 ca
1010#$arus
102##$aRU
2001#$aДело по предписанию господина директора с препровождением контракта, заключенного с санкт-петербургским первой гильдии купцом и почётным гражданином Кондратьевым на освещение деревянным маслом театров: Царскосельского, Гатчинского, Павловского, Петергофского, а равно и при Высочайшем дворе
$j8 сентября 1845 г.
251##$cДело
300##$aПо Санкт-Петербургской дирекции за 1845 год
300##$aДело
801#0$aRU
$bРГИА
$c20170626
$gRCR
801#1$aRU
$bГлавНИВЦ
$c20170626
$2rusmarc
801#2$aRU
$bПБ им. Б.Н. Ельцина
$c20181224
$gRCR
$2rusmarc
850##$aРГИА
852##$aРГИА
$eФедеральное казенное учреждение "Российский государственный исторический архив" (РГИА)
$j10498
937##$hРГИА
$d12246745
$aASBIBLIO_SCAN
462#0$1001dd3991dc-24e1-42ec-8838-ca4255420416
$12001
$a1746-1850 гг.
$1251
$cОпись
$1852
$j1
461#0$10019264ebf8-de62-4f1a-9eb4-9f22098dbbd5
$12001
$aДирекция императорских театров МИДв
$1251
$cФонд
$1852
$j497
215##$a3 л.
$d36,5х26 см
371##$aДокумент не является опубликованным и широко распространяемым
105##$ay###
1220#$ad
035##$a1db14f2c-a6a1-4996-b94a-289c75fc566d
856##$uhttp://readingroom.main.prlib.ru/item.aspx?id_node=n122296670&mode=full
Формат отображения